The Internet of Things in the industrial sector: (Record no. 6856)
[ view plain ]
| 000 -LEADER | |
|---|---|
| fixed length control field | 00783nam a22002417a 4500 |
| 003 - CONTROL NUMBER IDENTIFIER | |
| control field | OSt |
| 005 - DATE AND TIME OF LATEST TRANSACTION | |
| control field | 20220107122901.0 |
| 008 - FIXED-LENGTH DATA ELEMENTS--GENERAL INFORMATION | |
| fixed length control field | 211129b xxu||||| |||| 00| 0 eng d |
| 020 ## - INTERNATIONAL STANDARD BOOK NUMBER | |
| International Standard Book Number | 9783030248949 |
| 040 ## - CATALOGING SOURCE | |
| Transcribing agency | KUDSIT |
| 082 ## - DEWEY DECIMAL CLASSIFICATION NUMBER | |
| Classification number | 004.62 MAH/I |
| 100 ## - MAIN ENTRY--PERSONAL NAME | |
| Personal name | Mahmood, Zaigham |
| 9 (RLIN) | 18664 |
| 245 ## - TITLE STATEMENT | |
| Title | The Internet of Things in the industrial sector: |
| Remainder of title | Security and device connectivity, smart environments, and industry 4.0 |
| 260 ## - PUBLICATION, DISTRIBUTION, ETC. | |
| Place of publication, distribution, etc. | Switzerland, |
| Name of publisher, distributor, etc. | Springer, |
| Date of publication, distribution, etc. | 2019. |
| 300 ## - PHYSICAL DESCRIPTION | |
| Extent | xxv, 326 p. |
| 440 ## - SERIES STATEMENT/ADDED ENTRY--TITLE | |
| Title | Springer Series in Computer Communications and Networks |
| 9 (RLIN) | 18665 |
| 650 ## - SUBJECT ADDED ENTRY--TOPICAL TERM | |
| Topical term or geographic name entry element | COMMUNICATION NETWORK |
| 9 (RLIN) | 18666 |
| 650 ## - SUBJECT ADDED ENTRY--TOPICAL TERM | |
| Topical term or geographic name entry element | INTERNET OF THINGS |
| 9 (RLIN) | 18667 |
| 650 ## - SUBJECT ADDED ENTRY--TOPICAL TERM | |
| Topical term or geographic name entry element | IoT |
| 9 (RLIN) | 18668 |
| 650 ## - SUBJECT ADDED ENTRY--TOPICAL TERM | |
| Topical term or geographic name entry element | INDUSTRIAL INTERNET OF THINGS |
| 9 (RLIN) | 18669 |
| 650 ## - SUBJECT ADDED ENTRY--TOPICAL TERM | |
| Topical term or geographic name entry element | IIoT |
| 9 (RLIN) | 18670 |
| 942 ## - ADDED ENTRY ELEMENTS (KOHA) | |
| Source of classification or shelving scheme | Dewey Decimal Classification |
| Koha item type | Books |
| Withdrawn status | Lost status | Source of classification or shelving scheme | Damaged status | Not for loan | Collection code | Home library | Current library | Shelving location | Date acquired | Cost, normal purchase price | Total Checkouts | Full call number | Barcode | Date last seen | Price effective from | Koha item type |
|---|---|---|---|---|---|---|---|---|---|---|---|---|---|---|---|---|
| Dewey Decimal Classification | TCP/ IP /Internet of Things / IOT | Kerala University of Digital Sciences, Innovation and Technology Knowledge Centre | Kerala University of Digital Sciences, Innovation and Technology Knowledge Centre | Computer Science | 29/11/2021 | 4576.00 | 004.62 MAH/I | 5835 | 29/11/2021 | 29/11/2021 | Books |